| 000 | 00654nam a22001937a 4500 | ||
|---|---|---|---|
| 005 | 20241001123012.0 | ||
| 010 | _aENG-141848 | ||
| 020 |
_a9789393757234 _c200.00 |
||
| 035 | _aEN-125380 | ||
| 037 | _bDBAD | ||
| 082 |
_a230.2 _21 |
||
| 100 |
_aRaje, Sonali _972248 |
||
| 245 |
_aThe Empress of Indraprastha: _bEntering Kuruvansh/ _cBy Sonali Raje |
||
| 250 | _a1 | ||
| 260 |
_bVishwakarma Publications _c2022 _aMaharashtra |
||
| 270 |
_a34A/1, Suyog Center, 7th floor, Gultekedi Marketyard Road, Giridhar Bhavan Chowk, _e411037 _bPune _minfo@vpindia.co.in _k9168682200 |
||
| 300 |
_a142p. _c22cm (pb) |
||
| 942 |
_2ddc _cEN _h230.2 _mRAJ |
||
| 999 |
_c206040 _d206040 |
||